divergent - Statistics

General Stats
  • This quiz has been taken 263 times
  • The average score is 14 of 15
Answer Stats
Hint Answer % Correct
boyfriend^ tobias
100%
main caharcter tris
100%
brave faction dauntless
99%
selfless faction abnegation
98%
best girl friend christina
98%
book 1 divergent
98%
boyfriend^ will
97%
instructor eric
96%
book 2 insurgent
95%
beat up the main character peter
94%
tatoo artist tori
94%
book 3 allegiant
93%
best author ever!!!!!!! veronica roth
85%
best guy friend uriah
84%
head of erudite jeanine matthews
69%
No matching quizzes found
Score Distribution
Percent of People with Each Score
Percentile by Number Answered
Your Score History
You have not taken this quiz